000 00588cam a22002171 4500
001 sa 68016147
003 DLC
005 20260227112652.0
008 890420s1966 io 000 0 dut
010 _asa 68016147
035 _a(OCoLC)23432668
040 _aDLC
_cMiU
_dDLC
042 _apremarc
043 _aa-io---
050 0 0 _aHC447
_b.N55
100 1 _aNitisastro, Widjojo.
245 1 0 _aHakekat dan konsekwensi ketetapan MPRS dibidang ekonomi, keuangan dan pembangunan.
260 _aDjakarta,
_c1966.
300 _a19 l.
_c33 cm.
651 0 _aIndonesia
_xEconomic policy.
999 _c86934
_d86934